000 00617nam a2200169Ia 4500
008 090711s9999 xx 000 0 und d
082 _b60883
100 _aफुले ज्योतिराव गो.
245 _aब्राम्हणांSो कसब
260 _bरघुवंशी प्रकाशन
_c1960
300 _a160
600 _aफुले ज्योतिराव गो.
630 _aब्राम्हणांSो कसब
700 _aफुले ज्योतिराव गो.
730 _aब्राम्हणांSो कसब
942 _cBOOK
999 _c289856
_d289856